| 000 | 00636nam a22001577a 4500 | ||
|---|---|---|---|
| 003 | OSt | ||
| 005 | 20150928161256.0 | ||
| 008 | 150928b xxu||||| |||| 00| 0 eng d | ||
| 040 | _cRUA | ||
| 082 | _aATM.Sp TEP 2003 B059 Or.1 | ||
| 100 |
_91503 _aTEP, CHANDARA. |
||
| 245 | _aEffect of grafting mangos at the nation school of agriculture prekleap, ប្រសិទ្ធភាពនៃការផ្សាំកូនស្វាយក្នុងលក្ខខ័ណ្ឌសាលាជាតិកសិកម្មព្រែកលៀប | ||
| 260 |
_aPhnom Penh _bRUA _c2003 |
||
| 300 |
_a51p. _bill. _c29cm. |
||
| 942 |
_2ddc _cATMSP |
||
| 999 |
_c1413 _d1413 |
||